MARC details
| 000 -LEADER |
| fixed length control field |
01484cam a2200397Ii 4500 |
| 001 - CONTROL NUMBER |
| control field |
1166318509 |
| 003 - CONTROL NUMBER IDENTIFIER |
| control field |
OCoLC |
| 005 - DATE AND TIME OF LATEST TRANSACTION |
| control field |
20260114003909.0 |
| 008 - FIXED-LENGTH DATA ELEMENTS--GENERAL INFORMATION |
| fixed length control field |
200716s2020 nyu e 000 1 eng d |
| 010 ## - LIBRARY OF CONGRESS CONTROL NUMBER |
| LC control number |
bl2020014621 |
| 020 ## - INTERNATIONAL STANDARD BOOK NUMBER |
| International Standard Book Number |
9780593099223 (paperback) |
| 020 ## - INTERNATIONAL STANDARD BOOK NUMBER |
| International Standard Book Number |
0593099222 (paperback) |
| 040 ## - CATALOGING SOURCE |
| Original cataloging agency |
NjBwBT |
| Language of cataloging |
eng |
| Description conventions |
rda |
| Transcribing agency |
FMG |
| Modifying agency |
FMG |
| -- |
TH8 |
| -- |
OI6 |
| -- |
BDX |
| 100 1# - MAIN ENTRY--PERSONAL NAME |
| Personal name |
Cates, Bailey, |
| Relator term |
author. |
| 245 10 - TITLE STATEMENT |
| Title |
Witches and wedding cake : |
| Remainder of title |
a magical bakery mystery / |
| Statement of responsibility, etc. |
Bailey Cates. |
| 250 ## - EDITION STATEMENT |
| Edition statement |
First edition. |
| 264 #1 - PRODUCTION, PUBLICATION, DISTRIBUTION, MANUFACTURE, AND COPYRIGHT NOTICE |
| Place of production, publication, distribution, manufacture |
New York : |
| Name of producer, publisher, distributor, manufacturer |
Berkley Prime Crime, |
| Date of production, publication, distribution, manufacture, or copyright notice |
2020. |
| 264 #4 - PRODUCTION, PUBLICATION, DISTRIBUTION, MANUFACTURE, AND COPYRIGHT NOTICE |
| Date of production, publication, distribution, manufacture, or copyright notice |
℗♭2020. |
| 300 ## - PHYSICAL DESCRIPTION |
| Extent |
310 pages ; |
| Dimensions |
18 cm. |
| 336 ## - CONTENT TYPE |
| Content type term |
text |
| Source |
rdacontent. |
| 337 ## - MEDIA TYPE |
| Media type term |
unmediated |
| Source |
rdamedia. |
| 338 ## - CARRIER TYPE |
| Carrier type term |
volume |
| Source |
rdacarrier. |
| 490 1# - SERIES STATEMENT |
| Series statement |
Magical bakery mystery. |
| 500 ## - GENERAL NOTE |
| General note |
"Recipes included!"--Page 4 of cover. |
| 520 ## - SUMMARY, ETC. |
| Summary, etc. |
Magical baker Katie Lightfoot's hopes of getting married without a hitch are dashed when her fianc©♭'s youngest sister is accused of murdering her ex-husband--a con man with many enemies--and calls on her witchy friends to help her solve this crime. |
| 650 #0 - SUBJECT ADDED ENTRY--TOPICAL TERM |
| Topical term or geographic name as entry element |
Lightfoot, Katie (Fictitious character) |
| Form subdivision |
Fiction. |
| 650 #0 - SUBJECT ADDED ENTRY--TOPICAL TERM |
| Topical term or geographic name as entry element |
Witches |
| Form subdivision |
Fiction. |
| 650 #0 - SUBJECT ADDED ENTRY--TOPICAL TERM |
| Topical term or geographic name as entry element |
Bakeries |
| Form subdivision |
Fiction. |
| 650 #0 - SUBJECT ADDED ENTRY--TOPICAL TERM |
| Topical term or geographic name as entry element |
Magic |
| Form subdivision |
Fiction. |
| 650 #0 - SUBJECT ADDED ENTRY--TOPICAL TERM |
| Topical term or geographic name as entry element |
Weddings |
| Form subdivision |
Fiction. |
| 650 #0 - SUBJECT ADDED ENTRY--TOPICAL TERM |
| Topical term or geographic name as entry element |
Murder |
| Form subdivision |
Fiction. |
| 655 #7 - INDEX TERM--GENRE/FORM |
| Genre/form data or focus term |
Mystery fiction. |
| 655 #7 - INDEX TERM--GENRE/FORM |
| Genre/form data or focus term |
Detective and mystery fiction. |
| 800 1# - SERIES ADDED ENTRY--PERSONAL NAME |
| Personal name |
Cates, Bailey. |
| Title of a work |
Magical bakery mystery. |
| 942 ## - ADDED ENTRY ELEMENTS (KOHA) |
| Koha item type |
Libro/Book |